Sağlık sosyolojisi (Record no. 10436)

MARC details
000 -BAŞLIK
Sabit Uzunlukta Kontrol Alanı 00886na a2200289 4500
001 - KONTROL NUMARASI
Denetim Alanı 23573
003 - KONTROL NUMARASI IDENTIFIER
Denetim Alanı MIRAKIL
005 - SON İŞLEM TARİHİ VE ZAMANI
Denetim Alanı 20181213155321.0
008 - SABİT-BOY VERİ ELEMANLARI - GENEL BİLGİLER
Sabit Uzunlukta Kontrol Alanı 180109b tu 000 0
020 ## - ULUSLARARASI STANDART KİTAP NUMARASI
Uluslararası Standart Kitap Numarası 9759557126
040 ## - KATALOGLAMA KAYNAK
Orijinal Kataloglama Ajansı Milas
Kataloglama Dili tur
Metne Dönüştürmek Ajansı TR-AnCHP
041 ## - DİL KODU
Metin / Ses Parça Veya Ayrı Başlığın Dil Kodu tur
082 ## - DEWEY ONLU SINIFLANDIRMA NUMARASI
Sınıflandırma Numarası 306.461
Ürün Numarası K27s 1999
090 ## - SINIFLAMA NUMARASI
Sınıflama Numarası 306.461 K27s 1999
100 ## - ANA GİRİŞ - KİŞİSEL İSİM
Kişisel Ad Kasapoğlu, Aytül M.
245 ## - BAŞLIK TABLOSU
Başlık Sağlık sosyolojisi
Başlığın Kalan Türkiye'den araştırmalar
Sorumluluk Tablosu, Vb M. Aytül Kasapoğlu
246 ## - UNVAN FORM VARYING
Başlık Doğru / Kısa Başlığı Türkiye'den araştırmalar
260 ## - YAYIN, DAĞITIM, VB
Yayın, Dağıtım, Vb Yeri Ankara
Yayıncı, Dağıtıcı, Vs Adı Sosyoloji Derneği
Yayın, Dağıtım, Vb Tarihi 1999
300 ## - FİZİKSEL TANIM
Kapsam 406 s.
Diğer Fiziksel Ayrıntıları tbl.
Boyutlar 23 sm.
440 ## - SERİSİ TABLOSU / KATMA GİRİŞİ - BAŞLIK
Başlık Sosyoloji Derneği yayınları
Hacim / Ardışık Tanımı
504 ## - KAYNAKÇA VB NOT
Kaynakça Vb Notu Kaynakça var.
650 ## - KONU KATMA GİRİŞ - TOPİKAL DÖNEM
Topikal Süreli Veya Coğrafi Ad Giriş Elemanı Hekimler
Genel Alt Bölümü Türkiye
-- Toplumsal açı
650 ## - KONU KATMA GİRİŞ - TOPİKAL DÖNEM
Topikal Süreli Veya Coğrafi Ad Giriş Elemanı Sağlık personeli
Genel Alt Bölümü Toplumsal açı
650 ## - KONU KATMA GİRİŞ - TOPİKAL DÖNEM
Topikal Süreli Veya Coğrafi Ad Giriş Elemanı Sosyoloji, sağlık
Genel Alt Bölümü Türkiye
740 ## - KATMA GİRİŞ - KONTROLSUZ İLGİLİ / ANALİTİK BAŞLIK
Kontrol Edilmeyen / İlgili Analitik Başlıktaki Türkiye'den araştırmalar
942 ## - EKLENDİ GİRİŞ ELEMANLARI (KOHA)
Sınıflandırma Veya Raf Düzeni Kaynak
Koha Öğesi Türü Books
999 ## - SİSTEM KONTROL NUMARALARI (KOHA)
Koha Biblionumber 10436
Koha Biblioitemnumber 10436
Holdings
Kalıcı Konum Mevcut Konum Edinme Tarihi Edinim Kaynak Toplam Check-Out'Lar Tam Çağrı Numarası Barkod Tarih Son Görülme İtibaren Geçerli Fiyatlar Koha Öğesi Türü
CHP Kütüphanesi CHP Kütüphanesi 11/03/2017 Bağış   306.461 K27s 1999 017557 11/03/2017 11/03/2017 Books